[Event "SVK-chT2D 1718"]
[Site "Slovakia"]
[Date "2018.02.25"]
[Round "9.2"]
[White "Galovic, Stefan"]
[Black "Vrbova, Niki"]
[Result "1-0"]
[WhiteElo "2118"]
[BlackElo "2147"]
[PlyCount "125"]
[EventDate "2017.10.28"]
[EventType "team-tourn"]
[EventRounds "11"]
[EventCountry "SVK"]
[SourceTitle "EXT 2019"]
[Source "ChessBase"]
[SourceDate "2018.10.10"]
[SourceVersion "1"]
[SourceVersionDate "2018.10.10"]
[SourceQuality "1"]
[WhiteTeam "Poprad LS VD"]
[BlackTeam "Kosice Slavia UPJS III"]
[WhiteTeamCountry "SVK"]
[BlackTeamCountry "SVK"]

1. c4 Nf6 2. Nc3 g6 3. g3 Bg7 4. Bg2 e5 5. Nf3 d6 6. d3 0-0 7. 0-0 Nc6 8. Rb1 Bd7 9. b4 Qc8 10. b5 Ne7 11. Bg5 h6 12. Bxf6 Bxf6 13. Nd5 Nxd5 14. cxd5 Qe8 15. Qb3 Bd8 16. Rfc1 f5 17. Rc4 Qf7 18. Nd2 g5 19. Qa3 b6 20. Qa6 Bc8 21. Qa4 Bb7 22. Rc2 a6 23. Qc4 axb5 24. Qxb5 Kh8 25. Nc4 e4 26. Ne3 Ra5 27. Qb2+ Bf6 28. Qc1 Bd8 29. Qb2+ Kg8 30. dxe4 fxe4 31. Rf1 Bxd5 32. Nxd5 Qxd5 33. Rd2 Qe5 34. Qc2 d5 35. Qc6 Rf6 36. Qd7 Be7 37. e3 Rc5 38. Rfd1 Rd6 39. Qe8+ Kg7 40. Bh3 Bf6 41. Qc8 h5 42. Bf1 g4 43. h3 Rd8 44. Qb7 h4 45. gxh4 Be7 46. hxg4 Bxh4 47. Qa6 Bg5 48. Bg2 Qe6 49. Qe2 Rh8 50. Rd4 Bf6 51. Ra4 Qc6 52. Rb4 Qd6 53. f4 exf3 54. Qxf3 Bc3 55. Rf4 Qe6 56. Rf1 Rh7 57. Rf5 Rh4 58. Qf4 Kh7 59. Qg5 Qh6 60. Rf7+ Bg7 61. Rxg7+ Qxg7 62. Qxh4+ Kg8 63. Qh5 1-0

[Event "SVK-chT2D 1617"]
[Site "Slovakia"]
[Date "2017.02.12"]
[Round "9.2"]
[White "Galovic, Stefan"]
[Black "Jurov, Pavol"]
[Result "1-0"]
[WhiteElo "2082"]
[BlackElo "1963"]
[PlyCount "101"]
[EventDate "2016.10.08"]
[EventType "team-tourn"]
[EventRounds "11"]
[EventCountry "SVK"]
[SourceTitle "EXT 2018"]
[Source "ChessBase"]
[SourceDate "2017.10.13"]
[SourceVersion "1"]
[SourceVersionDate "2017.10.13"]
[SourceQuality "1"]
[WhiteTeam "Poprad LS VD"]
[BlackTeam "Kosice Dynamo"]
[WhiteTeamCountry "SVK"]
[BlackTeamCountry "SVK"]

1. d4 Nf6 2. c4 e6 3. Nc3 Bb4 4. e3 0-0 5. Bd3 c5 6. Nge2 d5 7. a3 Bxc3+ 8. Nxc3 cxd4 9. exd4 dxc4 10. Bxc4 b6 11. Qf3 Ba6 12. Qxa8 Bxc4 13. Be3 Nd5 14. Qxa7 Nxc3 15. bxc3 Nc6 16. Qa4 b5 17. Qc2 Qd5 18. f3 Ra8 19. Qe4 Qd7 20. Kf2 Bd5 21. Qc2 Ne7 22. Rhe1 Bc4 23. Kg1 Nd5 24. Bd2 h6 25. Qe4 Qe7 26. Bc1 Ra4 27. Qc2 Qc7 28. Rb1 Qa7 29. Bb2 Nb6 30. Bc1 Nd5 31. Re5 Qe7 32. Qd2 Qc7 33. Bb2 Ra8 34. Rbe1 Ne7 35. Rc5 Qd6 36. Bc1 Nd5 37. Qc2 Nb6 38. Qe4 Rb8 39. Bf4 Qd8 40. Bxb8 Qxb8 41. Qc6 Qa7 42. Qc7 Qa5 43. Rxc4 bxc4 44. Rb1 Qxa3 45. Qxb6 Qxc3 46. Qb2 Qe3+ 47. Kh1 h5 48. Rc1 h4 49. Qc3 Qf2 50. Qxc4 h3 51. Qc8+ 1-0

[Event "SVK-chT2D 1617"]
[Site "Slovakia"]
[Date "2017.02.11"]
[Round "8.1"]
[White "Galovic, Stefan"]
[Black "Zambor, Norbert"]
[Result "1-0"]
[WhiteElo "2082"]
[BlackElo "2306"]
[PlyCount "79"]
[EventDate "2016.10.08"]
[EventType "team-tourn"]
[EventRounds "11"]
[EventCountry "SVK"]
[SourceTitle "EXT 2018"]
[Source "ChessBase"]
[SourceDate "2017.10.13"]
[SourceVersion "1"]
[SourceVersionDate "2017.10.13"]
[SourceQuality "1"]
[WhiteTeam "Poprad LS VD"]
[BlackTeam "Kosice 1 CC"]
[WhiteTeamCountry "SVK"]
[BlackTeamCountry "SVK"]

1. c4 e5 2. Nc3 Nc6 3. Nf3 Nf6 4. g3 d5 5. cxd5 Nxd5 6. Bg2 Nb6 7. 0-0 Be7 8. d3 0-0 9. a3 a5 10. Na4 Be6 11. Nxb6 cxb6 12. Qa4 f6 13. Be3 Na7 14. Nd2 b5 15. Qe4 Nc6 16. f4 f5 17. Qf3 Bf6 18. a4 bxa4 19. Rxa4 Rc8 20. Qf2 b5 21. Raa1 exf4 22. gxf4 a4 23. Rac1 Bd5 24. Bxd5+ Qxd5 25. Rc5 Qd7 26. Rxb5 Nd4 27. Ra5 Nc2 28. Nf3 Bxb2 29. Ne5 Bxe5 30. fxe5 a3 31. Bc5 Qc7 32. Bxf8 Qxa5 33. Qxf5 Qa7+ 34. Kh1 Qb7+ 35. e4 Re8 36. e6 Ra8 37. e7 Qb3 38. Qe5 Qb2 39. Qd5+ Kh8 40. Qxa8 1-0

[Event "SVK-chT2D 1617"]
[Site "Slovakia"]
[Date "2016.12.04"]
[Round "6.2"]
[White "Micek, Jaroslav"]
[Black "Galovic, Stefan"]
[Result "1-0"]
[WhiteElo "2074"]
[BlackElo "2082"]
[PlyCount "61"]
[EventDate "2016.10.08"]
[EventType "team-tourn"]
[EventRounds "11"]
[EventCountry "SVK"]
[SourceTitle "EXT 2018"]
[Source "ChessBase"]
[SourceDate "2017.10.13"]
[SourceVersion "1"]
[SourceVersionDate "2017.10.13"]
[SourceQuality "1"]
[WhiteTeam "Margecany II"]
[BlackTeam "Poprad LS VD"]
[WhiteTeamCountry "SVK"]
[BlackTeamCountry "SVK"]

1. d4 Nf6 2. c4 e6 3. Nc3 Bb4 4. Qc2 0-0 5. a3 Bxc3+ 6. Qxc3 b6 7. Nf3 Bb7 8. Bg5 d6 9. e3 h6 10. Bh4 Nbd7 11. Be2 Qe8 12. 0-0 Ne4 13. Qc2 f5 14. Nd2 e5 15. f3 Nxd2 16. Qxd2 Qg6 17. b4 Rae8 18. d5 f4 19. e4 Bc8 20. Bf2 Nf6 21. Kh1 Nh5 22. Rfc1 Qg5 23. Qe1 Qe7 24. c5 Rf6 25. Rc2 Rg6 26. Bh4 Qf8 27. Bb5 Re7 28. Bxe7 Qxe7 29. cxd6 Qg5 30. d7 Bb7 31. Raa2 1-0

[Event "SVK-chT1E 1516"]
[Site "Slovakia"]
[Date "2016.03.19"]
[Round "10.7"]
[White "Galovic, Stefan"]
[Black "Salomons, Lorenzo"]
[Result "1/2-1/2"]
[WhiteElo "2093"]
[BlackElo "1846"]
[PlyCount "176"]
[EventDate "2015.10.24"]
[EventType "team-tourn"]
[EventRounds "11"]
[EventCountry "SVK"]
[SourceTitle "EXT 2017"]
[Source "ChessBase"]
[SourceDate "2016.10.25"]
[SourceVersion "1"]
[SourceVersionDate "2016.10.25"]
[SourceQuality "1"]
[WhiteTeam "Spisska Nova Ves"]
[BlackTeam "Banska Bystrica Junior"]
[WhiteTeamCountry "SVK"]
[BlackTeamCountry "SVK"]

1. d4 Nf6 2. c4 e6 3. Nc3 d5 4. Bg5 Be7 5. e3 0-0 6. Nf3 h6 7. Bh4 Ne4 8. Bxe7 Qxe7 9. Bd3 Nxc3 10. bxc3 c6 11. 0-0 Nd7 12. cxd5 cxd5 13. c4 dxc4 14. Bxc4 e5 15. Qb3 e4 16. Nd2 Nb6 17. Be2 Be6 18. Qb5 Bd5 19. Rfc1 Rfc8 20. Nb3 Bc6 21. Qf5 Bd7 22. Qa5 Bc6 23. Rc5 Nd7 24. Rc2 Nb6 25. Rac1 Nd5 26. Bg4 Rd8 27. Rc4 Rd6 28. Qd2 Qg5 29. Bh3 Rg6 30. g3 Qh5 31. Bg2 Nf6 32. Rc5 Bd5 33. Qc2 Qf5 34. Nd2 Re8 35. Nc4 Nd7 36. Rc7 Rf6 37. Na5 Nb6 38. Rf1 Rb8 39. Qc5 Qe6 40. a3 Qf5 41. h3 g5 42. Qc2 Qe6 43. Rc1 Kg7 44. Bf1 Qd6 45. Rc3 Qd7 46. Rc5 Qe6 47. Kg2 Qf5 48. Kg1 Nd7 49. Rc7 Nb6 50. Qd2 Qe6 51. Qb4 Qf5 52. R1c2 Qf3 53. Nb3 Rc8 54. Rxc8 Nxc8 55. Nc5 Nb6 56. Qd2 Bc6 57. Bg2 Qf5 58. Qb4 Nd5 59. Qb1 Nb6 60. Re2 Nc4 61. Qb4 Nb6 62. a4 Nd5 63. Qb3 b6 64. Bxe4 Bxa4 65. Qxd5 Qxd5 66. Bxd5 bxc5 67. dxc5 Ra6 68. Ra2 Bb5 69. Rxa6 Bxa6 70. f4 Kf6 71. Kf2 gxf4 72. exf4 Bc8 73. h4 a5 74. Ke3 Be6 75. Bxe6 Kxe6 76. Kd4 h5 77. f5+ Kd7 78. Kc4 a4 79. f6 Kc6 80. g4 hxg4 81. h5 g3 82. h6 g2 83. h7 g1Q 84. h8Q Qxc5+ 85. Kd3 Qd5+ 86. Ke3 Qe5+ 87. Kf3 Qf5+ 88. Ke3 Qe5+ 1/2-1/2

[Event "SVK-chT1E 1011"]
[Site "Slovakia"]
[Date "2011.03.19"]
[Round "8"]
[White "Tropp, Lukas"]
[Black "Galovic, Stefan"]
[Result "0-1"]
[WhiteElo "2029"]
[BlackElo "2117"]
[PlyCount "150"]
[EventDate "2010.11.06"]
[EventType "team-tourn"]
[EventRounds "11"]
[EventCountry "SVK"]
[SourceTitle "EXT 2012"]
[Source "ChessBase"]
[SourceDate "2011.11.24"]
[SourceVersion "1"]
[SourceVersionDate "2011.11.24"]
[SourceQuality "1"]
[WhiteTeam "Liptov Chess School"]
[BlackTeam "Svit"]
[WhiteTeamCountry "SVK"]
[BlackTeamCountry "SVK"]

1. e4 e5 2. Nf3 Nc6 3. c3 d5 4. Qa4 f6 5. Bb5 Nge7 6. d3 Be6 7. 0-0 a6 8. Bxc6+ Nxc6 9. Nbd2 Be7 10. Re1 dxe4 11. dxe4 0-0 12. Nf1 Qe8 13. Ng3 Qf7 14. Nf5 b5 15. Qc2 Bc5 16. N3h4 Rfd8 17. Qe2 Rd7 18. Qg4 Kh8 19. Qg3 Rad8 20. Be3 Bf8 21. f4 Rd3 22. Qf2 exf4 23. Bd4 Ne5 24. Nf3 Nxf3+ 25. gxf3 c5 26. Qe2 Bc4 27. b3 R3xd4 28. bxc4 Rd2 29. Qf1 Qh5 30. Re2 g6 31. Nd4 Rd3 32. Rc2 bxc4 33. Ne6 Rd2 34. Rxd2 Rxd2 35. h3 Qh4 36. Qe1 Qxe1+ 37. Rxe1 Bd6 38. Rb1 Kg8 39. Rb7 Be5 40. Rg7+ Kh8 41. Ra7 h5 42. Ra8+ Kh7 43. Rc8 g5 44. Rxc5 Rxa2 45. Nxg5+ Kg6 46. Ne6 Ra4 47. Nd4 Ra3 48. Ne2 Ra2 49. Kf1 Ra1+ 50. Kg2 Ra4 51. h4 a5 52. Nd4 Kf7 53. Kf1 Ra1+ 54. Kg2 Ra4 55. Kf1 Ke8 56. Nb5 Ra1+ 57. Kf2 a4 58. Rxc4 a3 59. Ra4 a2 60. Kg2 Rb1 61. Rxa2 Rxb5 62. Rc2 Ke7 63. Kf1 Rb1+ 64. Kg2 Rb3 65. Ra2 Rxc3 66. Ra7+ Rc7 67. Ra8 Rc2+ 68. Kg1 Ke6 69. Rh8 Bd4+ 70. Kh1 Rf2 71. Rxh5 Rxf3 72. Rf5 Rh3+ 73. Kg2 Rxh4 74. Kf3 Be5 75. Kf2 Kd6 0-1

[Event "SVK-chT1E 1011"]
[Site "Slovakia"]
[Date "2010.12.12"]
[Round "4.6"]
[White "Galovic, Stefan"]
[Black "Stric, Dusan"]
[Result "1-0"]
[WhiteElo "2117"]
[BlackElo "2062"]
[PlyCount "109"]
[EventDate "2010.11.06"]
[EventType "team-tourn"]
[EventRounds "11"]
[EventCountry "SVK"]
[SourceTitle "EXT 2012"]
[Source "ChessBase"]
[SourceDate "2011.11.24"]
[SourceVersion "1"]
[SourceVersionDate "2011.11.24"]
[SourceQuality "1"]
[WhiteTeam "Svit"]
[BlackTeam "Banska Bystrica"]
[WhiteTeamCountry "SVK"]
[BlackTeamCountry "SVK"]

1. d4 g6 2. e4 Bg7 3. Nc3 d6 4. Be3 Nd7 5. Qd2 e5 6. 0-0-0 exd4 7. Bxd4 Bxd4 8. Qxd4 Qf6 9. Nd5 Qxd4 10. Rxd4 Kd8 11. Nf3 f6 12. Rd2 Ne7 13. Nd4 Nxd5 14. Ne6+ Ke7 15. exd5 c6 16. Be2 Nb6 17. Nc7 Rb8 18. Bf3 Kd8 19. Ne6+ Bxe6 20. dxe6 Ke7 21. Re1 Rbd8 22. b3 d5 23. g4 Rd6 24. Rde2 Na8 25. Bg2 Nc7 26. f4 f5 27. gxf5 gxf5 28. Bh3 Rf8 29. Kd2 Rf6 30. Re5 Rdxe6 31. Bxf5 Rxe5 32. Rxe5+ Kd6 33. Bxh7 Rh6 34. Bd3 Rxh2+ 35. Ke3 Rh3+ 36. Kf2 Ne6 37. Rf5 Rh4 38. Kg3 Rh8 39. Rf7 Rg8+ 40. Kf2 Rb8 41. b4 a5 42. a3 axb4 43. axb4 b6 44. f5 Nd4 45. c3 Nb5 46. Rf6+ Kd7 47. Bxb5 cxb5 48. Ke3 Rc8 49. Kd3 Rc4 50. Rxb6 d4 51. Rxb5 dxc3 52. Kxc4 c2 53. Rd5+ Kc6 54. Rc5+ Kb6 55. Kb3 1-0

[Event "SVK-chT1E 0910"]
[Site "Slovakia"]
[Date "2010.03.07"]
[Round "11.66"]
[White "Ondo, Radoslav"]
[Black "Galovic, Stefan"]
[Result "1/2-1/2"]
[WhiteElo "2077"]
[BlackElo "2127"]
[PlyCount "33"]
[EventDate "2009.10.17"]
[EventType "team"]
[EventRounds "11"]
[EventCountry "SVK"]
[SourceTitle "EXT 2011"]
[Source "ChessBase"]
[SourceDate "2010.11.26"]
[SourceVersion "1"]
[SourceVersionDate "2010.11.26"]
[SourceQuality "1"]
[WhiteTeam "Michalovce Zemplin"]
[BlackTeam "Svit"]
[WhiteTeamCountry "SVK"]
[BlackTeamCountry "SVK"]

1. e4 e5 2. Nf3 Nc6 3. Bb5 a6 4. Ba4 Nf6 5. 0-0 Be7 6. Re1 b5 7. Bb3 d6 8. h3 0-0 9. c3 Na5 10. Bc2 c5 11. d4 Qc7 12. Nbd2 cxd4 13. cxd4 Nc6 14. d5 Nb4 15. Bb1 a5 16. a3 Na6 17. Nf1 1/2-1/2

[Event "SVK-chT2D 0910"]
[Site "Slovakia"]
[Date "2010.01.09"]
[Round "6.4"]
[White "Sremanak, Slavomir"]
[Black "Galovic, Stefan"]
[Result "1-0"]
[WhiteElo "2149"]
[BlackElo "2127"]
[PlyCount "67"]
[EventDate "2009.10.10"]
[EventType "team"]
[EventRounds "11"]
[EventCountry "SVK"]
[SourceTitle "EXT 2011"]
[Source "ChessBase"]
[SourceDate "2010.11.26"]
[SourceVersion "1"]
[SourceVersionDate "2010.11.26"]
[SourceQuality "1"]
[WhiteTeam "Margecany"]
[BlackTeam "Kezmarok II"]
[WhiteTeamCountry "SVK"]
[BlackTeamCountry "SVK"]

1. Nf3 Nf6 2. g3 g6 3. Bg2 Bg7 4. c4 0-0 5. Nc3 c6 6. e4 d6 7. d4 Nbd7 8. Bf4 Qa5 9. Nd2 e5 10. Be3 Re8 11. 0-0 a6 12. dxe5 dxe5 13. c5 Nxc5 14. Nc4 Qb4 15. Nd6 Rd8 16. a3 Qxb2 17. Bxc5 Qxc3 18. Rc1 Qa5 19. Qb3 Be6 20. Qxb7 Rab8 21. Qxc6 Bd7 22. Nb7 Qd2 23. Qxa6 Bc8 24. Rb1 Qd7 25. Nxd8 Bxa6 26. Rxb8 Bxf1 27. Nb7+ Bf8 28. Rxf8+ Kg7 29. Rd8 Qc6 30. Bf8+ Kg8 31. Bh6+ Ne8 32. Bxf1 f5 33. Bc4+ Qxc4 34. Rxe8+ 1-0

[Event "SVK-chT2D 0910"]
[Site "Slovakia"]
[Date "2009.11.07"]
[Round "3.4"]
[White "Veselovsky, Jan"]
[Black "Galovic, Stefan"]
[Result "0-1"]
[WhiteElo "2067"]
[BlackElo "2127"]
[PlyCount "50"]
[EventDate "2009.10.10"]
[EventType "team"]
[EventRounds "11"]
[EventCountry "SVK"]
[SourceTitle "EXT 2011"]
[Source "ChessBase"]
[SourceDate "2010.11.26"]
[SourceVersion "1"]
[SourceVersionDate "2010.11.26"]
[SourceQuality "1"]
[WhiteTeam "Magura Zborov"]
[BlackTeam "Kezmarok II"]
[WhiteTeamCountry "SVK"]
[BlackTeamCountry "SVK"]

1. e4 c5 2. Nf3 d6 3. d4 cxd4 4. Qxd4 Nc6 5. Bb5 Bd7 6. Bxc6 Bxc6 7. Nc3 Nf6 8. Bg5 e6 9. 0-0-0 Be7 10. Qd3 Qa5 11. h4 0-0 12. Nd4 Rac8 13. Kb1 a6 14. f3 b5 15. g4 b4 16. Nce2 Bb5 17. Nxb5 axb5 18. Bxf6 Bxf6 19. g5 Bc3 20. h5 Rc6 21. f4 Ra8 22. Nc1 b3 23. cxb3 Bxb2 24. Rh2 Rxc1+ 25. Rxc1 Qxa2+ 0-1

[Event "SVK-chT2D 0809"]
[Site "Slovakia"]
[Date "2009.03.01"]
[Round "11.4"]
[White "Krak, Tomas"]
[Black "Galovic, Stefan"]
[Result "1-0"]
[WhiteElo "2137"]
[BlackElo "2167"]
[PlyCount "79"]
[EventDate "2008.10.11"]
[EventType "team-tourn"]
[EventRounds "11"]
[EventCountry "SVK"]
[SourceTitle "EXT 2010"]
[Source "ChessBase"]
[SourceDate "2010.11.25"]
[SourceVersion "1"]
[SourceVersionDate "2010.11.25"]
[SourceQuality "1"]
[WhiteTeam "Kosice Slavia UPJS III"]
[BlackTeam "Kezmarok KdV II"]
[WhiteTeamCountry "SVK"]
[BlackTeamCountry "SVK"]

1. Nf3 Nf6 2. c4 g6 3. Nc3 Bg7 4. e4 d6 5. d4 0-0 6. Be2 e5 7. 0-0 Nc6 8. d5 Ne7 9. b4 Nd7 10. a4 f5 11. Nd2 Bh6 12. c5 Nf6 13. Bd3 Bxd2 14. Qxd2 f4 15. f3 g5 16. b5 b6 17. cxd6 cxd6 18. Ba3 Ng6 19. a5 Ne8 20. Na4 g4 21. fxg4 Bxg4 22. Be2 Bd7 23. Rac1 bxa5 24. Rc6 Bxc6 25. dxc6 Qc7 26. Bg4 Kh8 27. Bd7 Rf6 28. Rd1 Rb8 29. Nc3 Qb6+ 30. Qf2 Qxf2+ 31. Kxf2 Kg7 32. Bxe8 Rxe8 33. Bxd6 Kf7 34. Bc5 f3 35. g3 a4 36. Rd7+ Kg8 37. Rxa7 Rd8 38. Nd5 Rxd5 39. exd5 e4 40. c7 1-0

[Event "SVK-chT2D 0809"]
[Site "Slovakia"]
[Date "2009.02.28"]
[Round "10.4"]
[White "Galovic, Stefan"]
[Black "Jurcisin, Imrich"]
[Result "1-0"]
[WhiteElo "2167"]
[BlackElo "2040"]
[PlyCount "37"]
[EventDate "2008.10.11"]
[EventType "team-tourn"]
[EventRounds "11"]
[EventCountry "SVK"]
[SourceTitle "EXT 2010"]
[Source "ChessBase"]
[SourceDate "2010.11.25"]
[SourceVersion "1"]
[SourceVersionDate "2010.11.25"]
[SourceQuality "1"]
[WhiteTeam "Kezmarok KdV II"]
[BlackTeam "Kosice Slavia UPJS IV"]
[WhiteTeamCountry "SVK"]
[BlackTeamCountry "SVK"]

1. d4 d5 2. c4 e6 3. Nc3 Nf6 4. Bg5 Be7 5. e3 h6 6. Bh4 0-0 7. Nf3 Nbd7 8. Rc1 c6 9. Bd3 dxc4 10. Bxc4 b5 11. Bd3 a6 12. 0-0 Bb7 13. Bb1 c5 14. dxc5 Nxc5 15. Qc2 g6 16. Rfd1 Nd5 17. Bxe7 Qxe7 18. Nxd5 Bxd5 19. Qxc5 1-0

[Event "SVK-chT1E 0809"]
[Site "Slovakia"]
[Date "2009.02.08"]
[Round "9.3"]
[White "Frink, Ferenc"]
[Black "Galovic, Stefan"]
[Result "1-0"]
[WhiteElo "2199"]
[BlackElo "2167"]
[PlyCount "71"]
[EventDate "2008.10.18"]
[EventType "team-tourn"]
[EventRounds "11"]
[EventCountry "SVK"]
[SourceTitle "EXT 2010"]
[Source "ChessBase"]
[SourceDate "2010.11.25"]
[SourceVersion "1"]
[SourceVersionDate "2010.11.25"]
[SourceQuality "1"]
[WhiteTeam "Filakovo"]
[BlackTeam "Svit SO"]
[WhiteTeamCountry "SVK"]
[BlackTeamCountry "SVK"]

1. e4 c5 2. b4 cxb4 3. a3 bxa3 4. Bxa3 d6 5. d4 Nf6 6. Bd3 Nc6 7. c3 g6 8. Ne2 Bg7 9. 0-0 0-0 10. h3 a6 11. Nd2 b5 12. f4 Bb7 13. Qb1 Re8 14. Nf3 Na5 15. g4 Rc8 16. Ra2 Nc4 17. Bc1 Qb6 18. Kh2 d5 19. e5 Ne4 20. f5 Kh8 21. Bxe4 dxe4 22. Ng5 Bd5 23. Nf4 Qb7 24. Nxd5 Qxd5 25. Rxa6 e3 26. fxg6 Bxe5+ 27. Kg1 Bf6 28. g7+ Kxg7 29. Qxh7+ Kf8 30. Rfxf6 exf6 31. Qh8+ Ke7 32. Ra7+ Kd6 33. Qxf6+ Re6 34. Qxf7 Nb6 35. Ba3+ Kc6 36. Qb7# 1-0

[Event "SVK-chT1E 0809"]
[Site "Slovakia"]
[Date "2009.01.11"]
[Round "7.1"]
[White "Micek, Jaroslav"]
[Black "Galovic, Stefan"]
[Result "1/2-1/2"]
[WhiteElo "2022"]
[BlackElo "2167"]
[PlyCount "103"]
[EventDate "2008.10.18"]
[EventType "team-tourn"]
[EventRounds "11"]
[EventCountry "SVK"]
[SourceTitle "EXT 2010"]
[Source "ChessBase"]
[SourceDate "2010.11.25"]
[SourceVersion "1"]
[SourceVersionDate "2010.11.25"]
[SourceQuality "1"]
[WhiteTeam "Margecany OSK"]
[BlackTeam "Svit SO"]
[WhiteTeamCountry "SVK"]
[BlackTeamCountry "SVK"]

1. d4 Nf6 2. Nf3 d5 3. Bg5 Bf5 4. e3 e6 5. Be2 Be7 6. 0-0 h6 7. Bh4 0-0 8. c4 Nbd7 9. Nc3 dxc4 10. Bxc4 c5 11. Qe2 Ne4 12. Nxe4 Bxe4 13. Bg3 cxd4 14. Nxd4 Nb6 15. Bb3 Bc5 16. Rfd1 Qf6 17. Qh5 Rac8 18. Nb5 Bg6 19. Qe5 Qxe5 20. Bxe5 Nd5 21. Bxd5 exd5 22. Rxd5 a6 23. Nc3 Bb4 24. Rad1 Rfe8 25. a3 Bxc3 26. Bxc3 Be4 27. Rd6 Bc6 28. R1d4 f6 29. h4 Kf7 30. Kh2 Re6 31. Bb4 Rxd6 32. Rxd6 Re8 33. g4 Re5 34. Kg3 Rd5 35. f4 Rxd6 36. Bxd6 Be4 37. f5 Bc2 38. Kf4 Bd3 39. g5 hxg5+ 40. hxg5 Bc2 41. g6+ Kg8 42. b4 Bd3 43. e4 Bb5 44. Ke3 Bf1 45. Kd4 Bg2 46. Kd5 Bf3 47. Be7 Bg2 48. a4 Bf3 49. b5 axb5 50. axb5 Be2 51. Ke6 Bxb5 52. Kd6 1/2-1/2